000 00385nam a22001457a 4500
005 20170409142035.0
008 170409b xxu||||| |||| 00| 0 eng d
020 _a978-81-910-388-4-2
041 _aeng
100 _aWALIA, RAMAN K.AND BAJAJ, HARISH. K.
_93846
245 _aTEXTBOOK OF INTRODUCTORY PLANT NEMATOLOGY
260 _aNEW DELHI
_bICAR
_c2016
300 _a240
942 _cBK
999 _c5443
_d5441